| 000 | 00946cam a2200241 4500 | ||
|---|---|---|---|
| 001 | agr68000019 | ||
| 003 | DLC | ||
| 005 | 20260227111028.0 | ||
| 008 | 691105s1967 dcu 000 0 eng c | ||
| 010 | _aagr68000019 | ||
| 040 |
_aU.S. Nat'l Agr. Libr. _cDLC _dDLC |
||
| 070 | 0 | _aaHD1407 .A3 no. 16 | |
| 100 | 1 | _aKutish, Francis A. | |
| 245 | 1 | 2 |
_aA study of the economics of land use and livestock production in Greece, _cby Francis A. Kutish and Harry G. Sitler. |
| 260 |
_a[Washington] _bInternational Agricultural Development Service, U.S. Dept. of Agriculture, _c1967. |
||
| 300 |
_aiii, 57 p. _c26 cm. |
||
| 410 | 1 | 0 |
_aUnited States. _bInternational Agricultural Development Service. _tIADS-S _v16 |
| 650 | 0 |
_aAgriculture _xEconomic aspects _zGreece. |
|
| 650 | 0 |
_aDomestic animals _zGreece. |
|
| 650 | 3 |
_aAgriculture _xEconomic aspects _zGreece. |
|
| 651 | 3 |
_aGreece _xDomestic animals. |
|
| 700 | 1 |
_aSitler, Harry G., _d1912- _ejoint author. |
|
| 999 |
_c12337 _d12337 |
||